00401nam a2200157Ia 4500003000400000008004100004040001600045082001300061100001300074245004200087260004200129300001000171490002500181650001500206650002200221GCL140319s9999 xx 000 0 eng d aGCL / cGCL04a843bV P1 aVOLTAIRE10aLA PRINCESSE DE BABYLONE / cVOLTAIRE a[S.N] : bLE LIVRE DE POCHE ، c1994 a126 P aLE LIVRE DE POCHEv004aLITERATURE04aFRENCH LITERATURE